Matemáticas 3 : (Registro nro. 9655)

Detalles MARC
000 -LIDER
fixed length control field 01618nam a2200385 a 4500
001 - NÚMERO DE CONTROL
Identificador de número de control 00127
003 - IDENTIFICACDOR DE NÚMERO DE CONTROL
control field DO-SdBNP
005 - DATE AND TIME OF LATEST TRANSACTION
control field 20180309094618.0
007 - CAMPOS FIJOS DE DESCRIPCIÓN FÍSICA
fixed length control field 00127
008 - ELEMENTOS DE LONGITUD FIJA
fixed length control field 160331b dr 2008 ||||| |||| 00| 0 spa d
020 ## - ISBN
International Standard Book Number 9789945113242 (V. 3)
020 ## - ISBN
International Standard Book Number 9789945111941 (v. 3) Guía
020 ## - ISBN
International Standard Book Number 9789945112597 (v. 3) Cuaderno
040 ## - FUENTE DE CATALOGACIÓN
Agencia que crea de manera original el registro BPMSU
Idioma de catalogación spa
Agencia que realiza la transcripción BPMSU
092 ## - LOCALLY ASSIGNED DEWEY DECIMAL CALL NUMBER
Número de clasificación 372.7
Número de ítem (Cutter) S237m 3ro. 2008
100 1# - ASIENTO PRINCIPAL -- NOMBRE PERSONAL
Nombre personal Santos, Altagracia
245 10 - MENCIÓN DE TITULO
Título Matemáticas 3 :
Subtítulo educación básica /
Mención de responsabilidad Altagracia Santos ; dirección editorial Obdulia García de Escobar ; editor Andrés Molina Maloon
260 ## - PUBLICACIÓN, DISTRIBUCIÓN, ETC. (PIE DE IMPRENTA)
Lugar de publicación, distribución, etc Santo Domingo :
Nombre del editor, distribuidor, etc. Santillana,
Fecha de publicación, distribución, etc 2008.
300 ## - DESCRIPCIÓN FÍSICA
Extensión 3 v. :
Otros detalles físicos il., retrs. ;
Dimensiones 30 cm.
Material complementario + CD-ROM
490 1# - MENCIÓN DE SERIES
Mención de serie Coral
505 0# - NOTA DE CONTENIDO
Información miscelánea v.1 . Guía.
Título Números hasta el 9 --
-- Situaciones de suma --
-- La decena --
-- Líneas y figuras --
-- Decenas completas --
-- Números del 11 al 99 --
-- Suma y resta --
-- La centena --
-- Las fracciones --
-- Formas simétricas --
-- Cuerpos geométricos --
-- Mediciones --
-- Registro de datos --
505 0# - NOTA DE CONTENIDO
Información miscelánea v.3 . Cuaderno
650 #4 - ENCABEZAMIENTO DE MATERIA--TEMÁTICO
Término temático o nombre geográfico como elemento de entrada MATEMÁTICAS
Subdivisión temática general ENSEÑANZA ELEMENTAL
650 #4 - ENCABEZAMIENTO DE MATERIA--TEMÁTICO
Término temático o nombre geográfico como elemento de entrada EDUCACIÓN PRIMARIA
Subdivisión geográfica REPÚBLICA DOMINICANA
650 #4 - ENCABEZAMIENTO DE MATERIA--TEMÁTICO
Término temático o nombre geográfico como elemento de entrada MATEMÁTICAS
Subdivisión temática general LIBROS DE TEXTOS
650 #4 - ENCABEZAMIENTO DE MATERIA--TEMÁTICO
Término temático o nombre geográfico como elemento de entrada MATEMÁTICAS
Subdivisión temática general ESTUDIOS Y EJERCICIOS
700 1# - ASIENTO SECUNDARIO -- NOMBRE PERSONAL
Nombre personal García de Escobar, Obdulia,
Mención de responsabilidad dir. ed.
700 1# - ASIENTO SECUNDARIO -- NOMBRE PERSONAL
Nombre personal Molina Moloon, Andrés,
Mención de responsabilidad ed.
830 #0 - ASIENTO SECUNDARIO DE SERIE--TÍTULO UNIFORME
Título uniforme Coral
910 ## - VALIDACIÓN
Validación Validado. Control de calidad MFF
942 ## - ADDED ENTRY ELEMENTS (KOHA)
Source of classification or shelving scheme Dewey Decimal Classification
Koha item type Libros
945 ## - INFORMACIÓN DE PROCESAMIENTO LOCAL
Información de procesamiento local Remanejado para la BNPHU / 2018 VM
956 ## - LOCAL ELECTRONIC LOCATION AND ACCESS (OCLC)
Nombre de host VMATEO
Número de acceso 10
Información de compresión 20150706
Inicio de sesión BPMSU
Procesador de solicitud 00151
956 ## - LOCAL ELECTRONIC LOCATION AND ACCESS (OCLC)
Nombre de host BRENDA TAVÁREZ
Número de acceso 10
Información de compresión 20160410
Inicio de sesión BPMSU
Procesador de solicitud 00127
Existencias
Withdrawn status Lost status Source of classification or shelving scheme Damaged status Not for loan Collection code Home library Current library Date acquired Source of acquisition Total Checkouts Barcode Date last seen Copy number Price effective from Koha item type
    Dewey Decimal Classification     Colección General Biblioteca Pública Metropolitana Salomé Ureña Biblioteca Pública Metropolitana Salomé Ureña 04/08/2016 Donación   BPMSU16040259 04/08/2016 v. 1 04/08/2016 Libros
    Dewey Decimal Classification     Colección Escolar Biblioteca Pública Metropolitana Salomé Ureña Biblioteca Pública Metropolitana Salomé Ureña 04/08/2016 Donación   BPMSU16040260 04/08/2016 v. 2 04/08/2016 Libros
    Dewey Decimal Classification     Colección Escolar Biblioteca Pública Metropolitana Salomé Ureña Biblioteca Pública Metropolitana Salomé Ureña 04/08/2016 Donación   BPMSU16040262 04/08/2016 v. 3 04/08/2016 Libros